000 00636nam a2200205Ia 4500
003 IN-BaIIA
008 211028s9999 xx 000 0 eng d
040 _cIIA Library
080 _a681.3
_bMCC
100 _aMcCracken, Daniel D
_94274
245 0 _aNumerical methods and FORTRAN programming
_cDaniel D. McCracken and William S. Dorn
260 _aNew York
_bJohn Wiley & Sons
_c1964
300 _axii, 457p.
650 _aComputer programming
650 _aFortran
_94275
650 _aNASA Thesaurus
650 _aNumerical physics
_94346
700 _aDorn, William S.
_94347
942 _cBK
999 _c2434
_d2434